| 000 | 00367nam a2200145Ia 4500 | ||
|---|---|---|---|
| 008 | 221030s9999 xx 000 0 und d | ||
| 041 | _aEnglish | ||
| 082 | _a105.23 | ||
| 100 | _aR. K. Agarwal | ||
| 245 | 0 |
_aPrinciples of Electrical Machine Design _cby R. K. Agarwal |
|
| 260 |
_bS.K Kataria & Sons _aNew Delhi _c2000 |
||
| 300 | _a602 | ||
| 650 | _aEE | ||
| 942 | _cBK | ||
| 999 |
_c1102 _d1102 |
||